000 00490cas a22001935a 4500
001 L139657
008 070802c1985 xxkfr p 0 a0eng u
022 1 _a0951-9289
035 _a(Sirsi) u139659
041 0 _aeng
245 0 0 _aEstates Gazette Law Reports
260 _aLondon
_bEstates Gazette
_c1985-
362 0 _aLondon: 1 1985-2 2002
362 0 _aEdinburgh: 1 1985-
554 _aTwo per year
651 4 _aUnited Kingdom
_y
690 _aPROPERTY AND LAND LAW
942 _n0
999 _c119105
_d119105